Da Khater Kulyaat (Record no. 298811)

000 -LEADER
fixed length control field 00268 a2200121 4500
001 - CONTROL NUMBER
control field 63738
082 ## - DEWEY DECIMAL CLASSIFICATION NUMBER
Classification number 891.5931 KHA
090 ## - LOCALLY ASSIGNED LC-TYPE CALL NUMBER (OCLC); LOCAL CALL NUMBER (RLIN)
-- 37716
-- 37716
100 ## - MAIN ENTRY--PERSONAL NAME
Personal name Khater Afridi
245 ## - TITLE STATEMENT
Title Da Khater Kulyaat
260 ## - PUBLICATION, DISTRIBUTION, ETC.
Place of publication, distribution, etc. Peshawar
Name of publisher, distributor, etc. Inam ul Manan Pub
300 ## - PHYSICAL DESCRIPTION
Extent 605
942 ## - ADDED ENTRY ELEMENTS (KOHA)
Institution code [OBSOLETE] caenust
Call number prefix 891.5931 KHa
Holdings
Withdrawn status Lost status Damaged status Not for loan Collection code Permanent Location Current Location Date acquired Total Checkouts Full call number Barcode Date last seen Price effective from Koha item type
          College of Aeronautical Engineering (CAE) College of Aeronautical Engineering (CAE) 04/03/2017   891.5931 KHa CAEN-3596 04/05/2017 04/05/2017 Book
© 2023 Central Library, National University of Sciences and Technology. All Rights Reserved.